Statistics for World Holidays

Click here to take the quiz!

General Stats

  • This quiz has been taken 18 times
  • The average score is 8 of 15

Answer Stats

HintHoliday% Correct
Candy/CostumesHalloween
100%
BunniesEaster
94%
ResolutionsNew Year
94%
ElvesChristmas
88%
Beads/ParadesMardi Gras
88%
Workers HonoredLabor Day
69%
MenorahHanukkah
63%
Dawn-to-sunset fastingRamadan
63%
Skeletons/AncestorsDay of the Dead
56%
MaypolesMay Day
38%
SwastikaDiwali Festival of Lights
25%
HaggadahPassover
25%
ShofarRosh Hashanah / Yom Kippur
25%
KinaraKwanzaa
19%
NajstangMidsummer Day
0%

Score Distribution

Percentile by Number Answered

Percent of People with Each Score

Your Score History

You have not taken this quiz